[Event "Wch Seniors 65 29th"]
[Site "Bucharest"]
[Date "2019.11.22"]
[Round "10"]
[White "Steigum, Erling"]
[Black "Hjertenes, Oystein"]
[Result "1/2-1/2"]
[WhiteElo "1868"]
[BlackElo "2001"]
[PlyCount "57"]
[EventDate "2019.11.12"]
[EventType "swiss"]
[EventRounds "11"]
[EventCountry "ROU"]
[SourceTitle "CBM 193 Extra"]
[Source "ChessBase"]
[SourceDate "2020.01.31"]
[SourceVersion "1"]
[SourceVersionDate "2020.01.31"]
[SourceQuality "1"]

1. e4 g6 2. d4 Bg7 3. Nf3 c6 4. c4 d6 5. Be2 Nd7 6. 0-0 e5 7. Nc3 Nh6 8. dxe5 dxe5 9. Bg5 f6 10. Bxh6 Bxh6 11. b4 0-0 12. c5 Qe7 13. Qb3+ Kh8 14. Rad1 Re8 15. Bc4 Nf8 16. Rd3 Kg7 17. Rfd1 Be6 18. g3 Bxc4 19. Qxc4 Red8 20. Rd6 Rxd6 21. Rxd6 Rd8 22. Rxd8 Qxd8 23. Kg2 Qd7 24. a4 Ne6 25. Ne2 Kf7 26. a5 a6 27. Qc3 Ke7 28. Qc4 Qd1 29. h4 1/2-1/2

[Event "Wch Seniors 65 29th"]
[Site "Bucharest"]
[Date "2019.11.20"]
[Round "8"]
[White "Ingham, H William"]
[Black "Hjertenes, Oystein"]
[Result "1/2-1/2"]
[WhiteElo "1822"]
[BlackElo "2001"]
[PlyCount "77"]
[EventDate "2019.11.12"]
[EventType "swiss"]
[EventRounds "11"]
[EventCountry "ROU"]
[SourceTitle "CBM 193 Extra"]
[Source "ChessBase"]
[SourceDate "2020.01.31"]
[SourceVersion "1"]
[SourceVersionDate "2020.01.31"]
[SourceQuality "1"]

1. d4 g6 2. Bf4 Bg7 3. e3 c6 4. Nf3 Nf6 5. Nbd2 0-0 6. Be2 d6 7. c4 Nbd7 8. Qc2 Re8 9. Nb3 e5 10. dxe5 dxe5 11. Bg5 a5 12. 0-0 a4 13. Nbd2 Nc5 14. e4 Ne6 15. Bh4 Nf4 16. Rfe1 Nxe2+ 17. Rxe2 Qa5 18. h3 b6 19. Rc1 Nh5 20. Nf1 Nf4 21. Rd2 Ne6 22. Rcd1 Nd4 23. Nxd4 exd4 24. f4 c5 25. g4 Qa7 26. f5 Bb7 27. Re1 Bc6 28. Rg2 Be5 29. Bg3 Qc7 30. Qe2 Rab8 31. Bxe5 Qxe5 32. Nd2 Rb7 33. Qf2 gxf5 34. gxf5+ Kh8 35. Qh4 f6 36. Qg4 Qe7 37. Kf2 Rbb8 38. Reg1 Qf7 39. Qf4 1/2-1/2

[Event "Wch Seniors 65 29th"]
[Site "Bucharest"]
[Date "2019.11.18"]
[Round "6"]
[White "Hjertenes, Oystein"]
[Black "Cernea, Radu Gheorghe"]
[Result "1/2-1/2"]
[WhiteElo "2001"]
[BlackElo "1750"]
[PlyCount "69"]
[EventDate "2019.11.12"]
[EventType "swiss"]
[EventRounds "11"]
[EventCountry "ROU"]
[SourceTitle "CBM 193 Extra"]
[Source "ChessBase"]
[SourceDate "2020.01.31"]
[SourceVersion "1"]
[SourceVersionDate "2020.01.31"]
[SourceQuality "1"]

1. Nf3 Nf6 2. g3 g6 3. Bg2 Bg7 4. c4 d6 5. d4 0-0 6. 0-0 Nc6 7. Nc3 Re8 8. e4 e5 9. dxe5 dxe5 10. Qxd8 Nxd8 11. Bg5 c6 12. h3 Ne6 13. Be3 Nh5 14. Ne2 c5 15. Rab1 Nd4 16. Bxd4 exd4 17. Nd2 Bh6 18. Nb3 b6 19. Nbc1 Bb7 20. f3 f5 21. g4 Nf6 22. gxf5 gxf5 23. exf5 Nh5 24. Rd1 Re3 25. Kf2 Bg5 26. b4 Bh4+ 27. Kf1 Bxf3 28. bxc5 Rae8 29. Bxf3 Rxf3+ 30. Kg1 Kh8 31. Rb3 Rg8+ 32. Kh2 Rf2+ 33. Kh1 Rgg2 34. Rxd4 Rh2+ 35. Kg1 1/2-1/2

[Event "Wch Seniors 65 28th"]
[Site "Bled"]
[Date "2018.11.21"]
[Round "4"]
[White "Bondar, Leonid"]
[Black "Hjertenes, Oystein"]
[Result "1/2-1/2"]
[WhiteElo "1931"]
[BlackElo "2037"]
[PlyCount "74"]
[EventDate "2018.11.18"]
[EventType "swiss"]
[EventRounds "11"]
[EventCountry "SLO"]
[SourceTitle "CBM 187 Extra"]
[Source "ChessBase"]
[SourceDate "2018.11.04"]
[SourceVersion "1"]
[SourceVersionDate "2018.11.04"]
[SourceQuality "1"]

1. e4 g6 2. d4 Bg7 3. Nf3 c6 4. Be2 d5 5. e5 f6 6. 0-0 Nd7 7. exf6 exf6 8. c3 Ne7 9. Bf4 0-0 10. h4 Re8 11. Bd3 Nf8 12. Qd2 Bf5 13. Re1 Qd7 14. Na3 Bxd3 15. Qxd3 Nf5 16. Nc2 Ne6 17. Bd2 Nf8 18. Bf4 Nd6 19. Bxd6 Qxd6 20. Rxe8 Rxe8 21. Re1 Rxe1+ 22. Ncxe1 Bh6 23. Qe2 Kf7 24. Nd3 b6 25. g3 Ne6 26. Nh2 c5 27. Ng4 Bg7 28. dxc5 bxc5 29. Qf3 Ke7 30. Ne3 d4 31. Qb7+ Kf8 32. Nc4 Qc7 33. Qxc7 Nxc7 34. Nxc5 dxc3 35. bxc3 Nd5 36. Ne6+ Kf7 37. Nxg7 Kxg7 1/2-1/2

[Event "Wch Seniors 65 28th"]
[Site "Bled"]
[Date "2018.11.19"]
[Round "2"]
[White "Hardicsay, Peter"]
[Black "Hjertenes, Oystein"]
[Result "1/2-1/2"]
[WhiteElo "2223"]
[BlackElo "2037"]
[PlyCount "40"]
[EventDate "2018.11.18"]
[EventType "swiss"]
[EventRounds "11"]
[EventCountry "SLO"]
[SourceTitle "CBM 187 Extra"]
[Source "ChessBase"]
[SourceDate "2018.11.04"]
[SourceVersion "1"]
[SourceVersionDate "2018.11.04"]
[SourceQuality "1"]

1. e4 g6 2. d4 Bg7 3. Nc3 c6 4. Nf3 d5 5. h3 dxe4 6. Nxe4 Nf6 7. Nxf6+ exf6 8. c3 0-0 9. Be2 Re8 10. 0-0 Nd7 11. Re1 Nf8 12. Be3 Bf5 13. Bd3 Qd7 14. Qc2 Bxd3 15. Qxd3 Rad8 16. Rad1 b6 17. Qc2 Ne6 18. b3 Bf8 19. Bc1 Ng7 20. Bh6 Nf5 1/2-1/2

[Event "EU-ch Seniors 65 14th"]
[Site "Porto"]
[Date "2014.03.16"]
[Round "8"]
[White "Mueller, Rudolf"]
[Black "Hjertenes, Oystein"]
[Result "0-1"]
[WhiteElo "2190"]
[BlackElo "2088"]
[PlyCount "56"]
[EventDate "2014.03.09"]
[EventType "swiss"]
[EventRounds "9"]
[EventCountry "POR"]
[SourceTitle "CBM 159 Extra"]
[Source "ChessBase"]
[SourceDate "2014.04.24"]
[SourceVersion "1"]
[SourceVersionDate "2014.04.24"]
[SourceQuality "1"]

1. e4 g6 2. d4 Bg7 3. Nc3 c6 4. Be2 d5 5. e5 f6 6. f4 fxe5 7. fxe5 Nh6 8. h4 Nf5 9. Bf4 h5 10. Nf3 Nd7 11. Ng5 Nf8 12. g4 hxg4 13. Bxg4 Rxh4 14. Rxh4 Nxh4 15. Bg3 Nf5 16. Qf3 Bh6 17. e6 Bxg5 18. Bxf5 Bxe6 19. Bxe6 Nxe6 20. Qg4 Qd7 21. a4 0-0-0 22. Nb5 cxb5 23. axb5 b6 24. Qf3 Rf8 25. Qc3+ Kd8 26. Bb8 Nc7 27. Qc6 Nxb5 28. Qxg6 Qg4 0-1

[Event "EU-ch Seniors 65 14th"]
[Site "Porto"]
[Date "2014.03.11"]
[Round "3"]
[White "Hjertenes, Oystein"]
[Black "Butnorius, Algimantas"]
[Result "0-1"]
[WhiteElo "2088"]
[BlackElo "2378"]
[PlyCount "68"]
[EventDate "2014.03.09"]
[EventType "swiss"]
[EventRounds "9"]
[EventCountry "POR"]
[SourceTitle "CBM 159 Extra"]
[Source "ChessBase"]
[SourceDate "2014.04.24"]
[SourceVersion "1"]
[SourceVersionDate "2014.04.24"]
[SourceQuality "1"]

1. Nf3 c5 2. c4 Nc6 3. Nc3 g6 4. g3 Bg7 5. Bg2 e5 6. e4 d6 7. d3 Nge7 8. 0-0 0-0 9. Nh4 Nd4 10. f4 exf4 11. gxf4 Nec6 12. Nf3 Bg4 13. Nd5 f5 14. Qd2 Qd7 15. Nxd4 Nxd4 16. h3 Bh5 17. Qf2 fxe4 18. dxe4 Be2 19. Be3 Bxc4 20. Rfe1 Bxd5 21. exd5 Nf5 22. Kh1 Rae8 23. Qd2 Bxb2 24. Rab1 Bd4 25. Bxd4 Rxe1+ 26. Rxe1 Nxd4 27. Rf1 b5 28. Kh2 Re8 29. Rf2 b4 30. Bf1 Qe7 31. Bd3 Qe3 32. Qxe3 Rxe3 33. Bb1 a5 34. Rb2 c4 0-1

[Event "Wch Seniors 23rd"]
[Site "Opatija"]
[Date "2013.11.21"]
[Round "9"]
[White "Hjertenes, Oystein"]
[Black "Vikulov, Alexander Sergeevic"]
[Result "0-1"]
[WhiteElo "2102"]
[BlackElo "2290"]
[PlyCount "72"]
[EventDate "2013.11.12"]
[EventType "swiss"]
[EventRounds "11"]
[EventCountry "CRO"]
[SourceTitle "CBM 157 Extra"]
[Source "ChessBase"]
[SourceDate "2013.12.19"]
[SourceVersion "1"]
[SourceVersionDate "2013.12.19"]
[SourceQuality "1"]

1. Nf3 Nf6 2. g3 d5 3. c4 c5 4. Bg2 Nc6 5. cxd5 Nxd5 6. Nc3 Nc7 7. d3 e5 8. 0-0 Be7 9. b3 0-0 10. Bb2 f6 11. Rc1 Be6 12. Qd2 Qd7 13. Rfd1 Rad8 14. Qe1 b6 15. Qf1 Rfe8 16. h3 Bf8 17. Ne1 Nd4 18. Nc2 Bf5 19. e4 Be6 20. Nxd4 cxd4 21. Ne2 Na6 22. Rd2 Rc8 23. Kh2 Rc6 24. h4 Rec8 25. Rxc6 Qxc6 26. Bh3 Bxh3 27. Kxh3 Bb4 28. Rd1 Qe6+ 29. Kg2 Rc2 30. Rb1 Qg4 31. Nc1 Bd2 32. a3 Be3 33. Na2 Nc5 34. Nb4 Rxf2+ 35. Qxf2 Bxf2 36. Kxf2 a5 0-1

[Event "Wch Seniors 23rd"]
[Site "Opatija"]
[Date "2013.11.20"]
[Round "8"]
[White "Lovejoy, David W"]
[Black "Hjertenes, Oystein"]
[Result "0-1"]
[WhiteElo "1943"]
[BlackElo "2102"]
[PlyCount "90"]
[EventDate "2013.11.12"]
[EventType "swiss"]
[EventRounds "11"]
[EventCountry "CRO"]
[SourceTitle "CBM 157 Extra"]
[Source "ChessBase"]
[SourceDate "2013.12.19"]
[SourceVersion "1"]
[SourceVersionDate "2013.12.19"]
[SourceQuality "1"]

1. e4 g6 2. d4 Bg7 3. Nf3 c6 4. Nc3 d5 5. e5 f6 6. Bf4 Nd7 7. h4 h5 8. Bd3 f5 9. Qe2 e6 10. 0-0 Bh6 11. Bxh6 Nxh6 12. Qd2 Qe7 13. Ne2 Nf7 14. Ng5 Nxg5 15. hxg5 Nf8 16. f4 Kf7 17. c4 Bd7 18. b4 Nh7 19. a4 Rhc8 20. Rfc1 Nf8 21. c5 Kg7 22. Rcb1 a6 23. Nc3 Be8 24. b5 axb5 25. axb5 Nd7 26. bxc6 bxc6 27. Rxa8 Rxa8 28. Rb7 Qd8 29. Qb2 Kg8 30. Bc2 Ra5 31. Qb4 Ra1+ 32. Kf2 Qa8 33. Ba4 Qa6 34. Bd1 Qd3 35. Be2 Qd2 36. Nxd5 Qc1 37. Rxd7 exd5 38. Rb7 Qxf4+ 39. Bf3 Ra2+ 40. Kf1 Qh2 41. Be2 Qf4+ 42. Bf3 Qe3 43. Qe1 Qxd4 44. e6 Ra1 45. Rb1 Qd3+ 0-1

[Event "Wch Seniors 23rd"]
[Site "Opatija"]
[Date "2013.11.13"]
[Round "2"]
[White "Yakovlev, Yuri S"]
[Black "Hjertenes, Oystein"]
[Result "0-1"]
[WhiteElo "1951"]
[BlackElo "2102"]
[PlyCount "80"]
[EventDate "2013.11.12"]
[EventType "swiss"]
[EventRounds "11"]
[EventCountry "CRO"]
[SourceTitle "CBM 157 Extra"]
[Source "ChessBase"]
[SourceDate "2013.12.19"]
[SourceVersion "1"]
[SourceVersionDate "2013.12.19"]
[SourceQuality "1"]

1. e4 g6 2. d4 Bg7 3. Be3 c6 4. c4 d6 5. Nc3 Nd7 6. Qd2 e5 7. Be2 h5 8. Nf3 Qe7 9. d5 c5 10. Nb5 Ndf6 11. Bd3 Kf8 12. b4 b6 13. bxc5 bxc5 14. h3 Bh6 15. Bxh6+ Nxh6 16. 0-0 Kg7 17. Ng5 Ne8 18. f4 f6 19. Nf3 exf4 20. Qxf4 g5 21. Qg3 Nf7 22. Nh4 Qe5 23. Qe1 gxh4 24. Rf3 Rh6 25. Nc3 Rg6 26. Ne2 Ng5 27. Kh1 Nxf3 28. gxf3 Rb8 29. f4 Qe7 30. Qxh4 Qd7 31. f5 Rg5 32. Nf4 Qf7 33. Be2 Kh6 34. Nxh5 Rxh5 35. Qf4+ Kh7 36. Bxh5 Qxh5 37. Qg3 Rb7 38. Rg1 Rg7 39. Qe3 Rxg1+ 40. Kxg1 Qg5+ 0-1

[Event "EU-chT Seniors 15th"]
[Site "Dresden"]
[Date "2013.07.26"]
[Round "7"]
[White "Hjertenes, Oystein"]
[Black "Striebich, Rudolf"]
[Result "1/2-1/2"]
[WhiteElo "2096"]
[BlackElo "2190"]
[PlyCount "54"]
[EventDate "2013.07.20"]
[EventType "team-swiss"]
[EventRounds "9"]
[EventCountry "GER"]
[SourceTitle "CBM 155 Extra"]
[Source "ChessBase"]
[SourceDate "2013.08.26"]
[SourceVersion "1"]
[SourceVersionDate "2013.08.26"]
[SourceQuality "1"]
[WhiteTeam "Norway"]
[BlackTeam "Eppingen"]
[WhiteTeamCountry "NOR"]
[BlackTeamCountry "GER"]

1. Nf3 Nf6 2. g3 d5 3. c4 dxc4 4. Bg2 c6 5. a4 Bf5 6. Na3 e6 7. Nxc4 Nbd7 8. 0-0 Be7 9. b3 0-0 10. Bb2 h6 11. d3 Bh7 12. Nfe5 Nd5 13. Nxd7 Qxd7 14. Rc1 Rfe8 15. a5 Nb4 16. Qd2 Rac8 17. Qc3 Bf8 18. Ra1 Qc7 19. Ra4 Na6 20. Rc1 Qd8 21. Ne5 Nc7 22. e4 Nb5 23. Qc4 a6 24. f4 Nd6 25. Qc3 Nb5 26. Qc4 Nd6 27. Qc3 Nb5 1/2-1/2

[Event "EU-chT Seniors 15th"]
[Site "Dresden"]
[Date "2013.07.25"]
[Round "6"]
[White "Bilunova, Rimma I"]
[Black "Hjertenes, Oystein"]
[Result "1/2-1/2"]
[WhiteElo "2155"]
[BlackElo "2096"]
[PlyCount "44"]
[EventDate "2013.07.20"]
[EventType "team-swiss"]
[EventRounds "9"]
[EventCountry "GER"]
[SourceTitle "CBM 155 Extra"]
[Source "ChessBase"]
[SourceDate "2013.08.26"]
[SourceVersion "1"]
[SourceVersionDate "2013.08.26"]
[SourceQuality "1"]
[WhiteTeam "Russia (W)"]
[BlackTeam "Norway"]
[WhiteTeamCountry "RUS"]
[BlackTeamCountry "NOR"]

1. Nf3 g6 2. c4 Bg7 3. Nc3 d6 4. d4 Nd7 5. e3 e5 6. Be2 f6 7. b3 Nh6 8. Bb2 0-0 9. 0-0 Nf7 10. Qd2 Re8 11. Rfd1 c6 12. dxe5 dxe5 13. e4 Qc7 14. Qc2 Nf8 15. b4 Be6 16. c5 Rad8 17. a3 Rxd1+ 18. Rxd1 Rd8 19. Bc1 Rxd1+ 20. Qxd1 Qd7 21. Qxd7 Nxd7 22. h3 Kf8 1/2-1/2

[Event "EU-ch Seniors 13th"]
[Site "Plovdiv"]
[Date "2013.03.19"]
[Round "9"]
[White "Levinsky, Gregory"]
[Black "Hjertenes, Oystein"]
[Result "0-1"]
[WhiteElo "2018"]
[BlackElo "2087"]
[PlyCount "104"]
[EventDate "2013.03.11"]
[EventType "swiss"]
[EventRounds "9"]
[EventCountry "BUL"]
[SourceTitle "CBM 153 Extra"]
[Source "ChessBase"]
[SourceDate "2013.04.22"]
[SourceVersion "1"]
[SourceVersionDate "2013.04.22"]
[SourceQuality "1"]

1. e4 g6 2. d4 Bg7 3. Nc3 c6 4. f4 d5 5. e5 e6 6. Nf3 Ne7 7. Be3 b6 8. b4 Ba6 9. b5 cxb5 10. Nxb5 Bxb5 11. Bxb5+ Nbc6 12. 0-0 a6 13. Be2 Na5 14. Bd3 Qc7 15. Rb1 h5 16. Qe1 Bf8 17. Bd2 Nec6 18. Qh4 Be7 19. Qh3 b5 20. Be1 Rf8 21. c3 Nd8 22. Qg3 Nc4 23. Qf2 Rc8 24. h3 Kd7 25. g4 hxg4 26. hxg4 Nc6 27. Kg2 Rh8 28. Rh1 Rxh1 29. Kxh1 Rh8+ 30. Kg2 N6a5 31. f5 gxf5 32. gxf5 Qc8 33. f6 Qg8+ 34. Qg3 Qxg3+ 35. Bxg3 Ba3 36. Be1 Ke8 37. Nd2 Rg8+ 38. Kf2 Rh8 39. Nxc4 Nxc4 40. Bxc4 dxc4 41. Kg2 Kd7 42. Bg3 Kc6 43. Kf3 a5 44. Rg1 b4 45. Ke4 bxc3 46. Rg2 Rg8 47. d5+ exd5+ 48. Kd4 Rxg3 49. Rxg3 c2 50. Rg1 c1Q 51. Rxc1 Bxc1 52. e6 fxe6 0-1

[Event "EU-chT Seniors"]
[Site "Rogaska Slatina"]
[Date "2012.03.28"]
[Round "2.3"]
[White "Turikov, Viktor"]
[Black "Hjertenes, Oystein"]
[Result "1-0"]
[WhiteElo "2263"]
[BlackElo "2115"]
[PlyCount "87"]
[EventDate "2012.03.27"]
[EventType "team-swiss"]
[EventRounds "9"]
[EventCountry "SLO"]
[SourceTitle "CBM 147 Extra"]
[Source "ChessBase"]
[SourceDate "2012.04.24"]
[SourceVersion "1"]
[SourceVersionDate "2012.04.24"]
[SourceQuality "1"]
[WhiteTeam "St Petersburg (Seniors)"]
[BlackTeam "Norway (Seniors)"]
[WhiteTeamCountry "RUS"]
[BlackTeamCountry "NOR"]

1. e4 g6 2. d4 Bg7 3. Nc3 c6 4. Be3 d5 5. Qd2 dxe4 6. Nxe4 Nf6 7. Nxf6+ exf6 8. 0-0-0 0-0 9. h4 h5 10. Kb1 a6 11. Be2 f5 12. Nh3 Nd7 13. Nf4 Nf6 14. f3 b5 15. Nd3 Re8 16. Rhe1 Nd5 17. Bg5 Qb6 18. c3 b4 19. Nxb4 Nxb4 20. cxb4 Be6 21. Qc3 a5 22. bxa5 Rxa5 23. Bc4 Rea8 24. Bxe6 fxe6 25. Rxe6 Rxa2 26. Bc1 Ra1+ 27. Kc2 Qa6 28. Rde1 Qa4+ 29. Qb3 Kh7 30. Qxa4 R8xa4 31. Rxc6 Rxd4 32. Re7 Raa4 33. Bd2 Rac4+ 34. Rxc4 Rxc4+ 35. Bc3 Rxc3+ 36. bxc3 Kg8 37. Rd7 Be5 38. c4 Kf8 39. c5 Ke8 40. c6 Bg3 41. Kd3 Bxh4 42. Kc4 g5 43. Kd5 g4 44. Ke6 1-0

[Event "Wch Seniors 20th"]
[Site "Arco"]
[Date "2010.11.02"]
[Round "7"]
[White "Chubar, Vladimir"]
[Black "Hjertenes, Oystein"]
[Result "1/2-1/2"]
[WhiteElo "2100"]
[BlackElo "2199"]
[PlyCount "28"]
[EventDate "2010.10.26"]
[EventType "swiss"]
[EventRounds "11"]
[EventCountry "ITA"]
[SourceTitle "EXT 2011"]
[Source "ChessBase"]
[SourceDate "2010.11.26"]
[SourceVersion "1"]
[SourceVersionDate "2010.11.26"]
[SourceQuality "1"]

1. Nf3 g6 2. d4 d5 3. Bf4 Bg7 4. e3 Nf6 5. c4 c6 6. Nc3 0-0 7. Qb3 e6 8. Bd3 Nbd7 9. 0-0 Re8 10. e4 dxe4 11. Nxe4 Nxe4 12. Bxe4 e5 13. dxe5 Nxe5 14. Nxe5 Bxe5 1/2-1/2

[Event "EU-chT Seniors 12th"]
[Site "Dresden"]
[Date "2010.02.17"]
[Round "8"]
[White "Rozov, Boris"]
[Black "Hjertenes, Oystein"]
[Result "0-1"]
[WhiteElo "2174"]
[BlackElo "2201"]
[PlyCount "98"]
[EventDate "2010.02.10"]
[EventType "team-swiss"]
[EventRounds "9"]
[EventCountry "GER"]
[SourceTitle "CBM 134 Extra"]
[Source "ChessBase"]
[SourceDate "2010.03.03"]
[SourceVersion "1"]
[SourceVersionDate "2010.03.03"]
[SourceQuality "1"]
[WhiteTeam "Dresden Leuben (Seniors)"]
[BlackTeam "Norway (Seniors)"]
[WhiteTeamCountry "GER"]
[BlackTeamCountry "NOR"]

1. d4 g6 2. e4 Bg7 3. Nc3 d6 4. Bf4 c6 5. Nf3 Nf6 6. Qd2 0-0 7. Bh6 Qc7 8. Bxg7 Kxg7 9. 0-0-0 e5 10. Nh4 h6 11. f4 exf4 12. Qxf4 Qe7 13. Bd3 Ng4 14. Qg3 Qg5+ 15. Rd2 Nf6 16. Qe1 Qa5 17. Qg3 Qg5 18. Qf2 Be6 19. Re1 Nbd7 20. d5 cxd5 21. exd5 Bxd5 22. Bb5 Nb6 23. Nf3 Bxf3 24. Qxf3 a6 25. Bd3 d5 26. Red1 Rfe8 27. Kb1 Re3 28. h4 Qe5 29. Qf1 Re8 30. Be2 Ne4 31. Nxe4 Rxe4 32. Bd3 Nc4 33. Bxc4 dxc4 34. c3 Re1 35. Qxc4 Rxd1+ 36. Rxd1 Qe4+ 37. Qxe4 Rxe4 38. g3 Re3 39. Rd7 Rxg3 40. Rxb7 Rg4 41. Ra7 Rxh4 42. Rxa6 f5 43. Rd6 f4 44. b4 f3 45. Rd1 Rf4 46. b5 g5 47. Kc2 g4 48. b6 f2 49. b7 Rf8 0-1